000 00584nmm a2200181Ia 4500
008 251105s9999||||xx |||||||||||||||||und||
020 _a9788417805999
041 _aspa
100 _aAstori, Walter
245 0 _aAsesinato en las afueras :
_b Un caso del cuestor Flavio Callido
264 _a[Madrid, España] :
_bRoca Editorial,
_c[Fecha de publicación no identificada]
300 _a0 páginas
650 _aThriller & Suspense
700 _aAstori, Walter
700 1 _a Hernández Rodilla, Itziar
856 _uhttps://public.digitaliapublishing.com/a/82339
942 _cCF
999 _c62200
_d62200